| 000 | 00632nam a2200193Ia 4500 | ||
|---|---|---|---|
| 008 | 140512s9999 xx 000 0 und d | ||
| 020 | _a9780345392824 | ||
| 050 |
_aHQ 798 _b.P57 1995 |
||
| 100 | _aPipher, Mary Bray. | ||
| 245 |
_aReviving Ophelia : _bsaving the selves of adolescent girls / _cMary Pipher. |
||
| 260 |
_aNew York : _bPutman, _cc1995. |
||
| 300 |
_a304 p. : _c22 cm. |
||
| 500 | _aIncludes index. | ||
| 650 |
_aSelf-esteem in adolescence _xCase studies |
||
| 650 |
_aTeenage girls _xFamily relationships -- Case studies |
||
| 650 |
_aTeenage girls _xPsychology -- Case studies |
||
| 942 | _cBK | ||
| 999 |
_c116686 _d116686 |
||